KOHA-Header-6

Color Atlas of Biochemistry (Record no. 13878)

000 -LEADER
fixed length control field 00314nam a22001337a 4500
020 ## - INTERNATIONAL STANDARD BOOK NUMBER
ISBN 313141782-X
082 ## - DEWEY DECIMAL CLASSIFICATION NUMBER
Classification number 612.015
100 ## - MAIN ENTRY--AUTHOR NAME
Personal name J. Koolman & K. H. Roehm
245 ## - TITLE STATEMENT
Title Color Atlas of Biochemistry
250 ## - EDITION STATEMENT
Edition statement International Edition
260 ## - PUBLICATION, DISTRIBUTION, ETC. (IMPRINT)
Place of publication New York
Name of publisher Thieme
Year of publication 2006
300 ## - PHYSICAL DESCRIPTION
Number of Pages 467 pages
942 ## - ADDED ENTRY ELEMENTS (KOHA)
Koha item type Books
Holdings
Withdrawn status Lost status Collection code Permanent Location Current Location Shelving location Date acquired Full call number Accession Number Koha item type
    Bio Sciences MAJU MAJU Shelf No.A36 2024-01-03 612.015 10981 Books

Powered by Koha